<?xml version="1.0" encoding="UTF-8"?>
<record
    xmlns:xsi="http://www.w3.org/2001/XMLSchema-instance"
    xsi:schemaLocation="http://www.loc.gov/MARC21/slim http://www.loc.gov/standards/marcxml/schema/MARC21slim.xsd"
    xmlns="http://www.loc.gov/MARC21/slim">

  <leader>00604nam a22001937a 4500</leader>
  <controlfield tag="008">230630b        |||||||| |||| 00| 0 eng d</controlfield>
  <datafield tag="020" ind1=" " ind2=" ">
    <subfield code="a">81-7487-399-6</subfield>
  </datafield>
  <datafield tag="040" ind1=" " ind2=" ">
    <subfield code="a">National Science Library</subfield>
    <subfield code="c">National Science Library</subfield>
  </datafield>
  <datafield tag="080" ind1=" " ind2=" ">
    <subfield code="a">929 </subfield>
    <subfield code="b">P6</subfield>
  </datafield>
  <datafield tag="100" ind1=" " ind2=" ">
    <subfield code="a">Gupta, V P </subfield>
  </datafield>
  <datafield tag="245" ind1=" " ind2=" ">
    <subfield code="a">&#x92D;&#x940;&#x92E;&#x930;&#x93E;&#x935; &#x905;&#x92E;&#x94D;&#x92C;&#x947;&#x921;&#x915;&#x930;:</subfield>
    <subfield code="b">&#x935;&#x94D;&#x92F;&#x915;&#x94D;&#x924;&#x93F; &#x914;&#x930; &#x935;&#x93F;&#x91A;&#x93E;&#x930;</subfield>
  </datafield>
  <datafield tag="246" ind1=" " ind2=" ">
    <subfield code="a">Bhimrao Ambedkar: </subfield>
    <subfield code="b">Vyakti aur vichar </subfield>
  </datafield>
  <datafield tag="260" ind1=" " ind2=" ">
    <subfield code="a">New Delhi: </subfield>
    <subfield code="b">Radha Publication, </subfield>
    <subfield code="c">2006</subfield>
  </datafield>
  <datafield tag="300" ind1=" " ind2=" ">
    <subfield code="a">193p. </subfield>
  </datafield>
  <datafield tag="650" ind1=" " ind2=" ">
    <subfield code="a">Literature </subfield>
  </datafield>
  <datafield tag="653" ind1=" " ind2=" ">
    <subfield code="a">Education </subfield>
  </datafield>
  <datafield tag="653" ind1=" " ind2=" ">
    <subfield code="a">Politics </subfield>
  </datafield>
  <datafield tag="942" ind1=" " ind2=" ">
    <subfield code="2">udc</subfield>
    <subfield code="c">HBK</subfield>
  </datafield>
  <datafield tag="999" ind1=" " ind2=" ">
    <subfield code="c">48525</subfield>
    <subfield code="d">48525</subfield>
  </datafield>
  <datafield tag="952" ind1=" " ind2=" ">
    <subfield code="0">0</subfield>
    <subfield code="1">0</subfield>
    <subfield code="2">udc</subfield>
    <subfield code="4">0</subfield>
    <subfield code="6">929_P6</subfield>
    <subfield code="7">0</subfield>
    <subfield code="9">74973</subfield>
    <subfield code="a">NSL</subfield>
    <subfield code="b">NSL</subfield>
    <subfield code="c">GF/REF/Rk-2/C-9/R-3</subfield>
    <subfield code="d">2006-09-20</subfield>
    <subfield code="l">0</subfield>
    <subfield code="o">929 P6</subfield>
    <subfield code="p">226678</subfield>
    <subfield code="r">2023-06-30 00:00:00</subfield>
    <subfield code="w">2006-09-20</subfield>
    <subfield code="y">HBK</subfield>
  </datafield>
</record>
